| 000 | nam a22 a 4500 | ||
|---|---|---|---|
| 999 |
_c434795 _d434795 |
||
| 003 | BLK | ||
| 005 | 20220131123836.0 | ||
| 008 | 200311b bul|||||r ||||||| ||bul|| | ||
| 040 | _aBLK | ||
| 041 |
_aBUL _cBUL |
||
| 080 |
_aПсихология _b159.9 _x(075.8) _z159.9(075.8) |
||
| 100 |
_aЗапорожец, Александър В. _eпърви автор _9369470 |
||
| 139 | _aЗапорожец, Александър В. | ||
| 245 | 1 | 0 |
_aПсихология _bУч. пособие за педаг. у-ща за детски учителки _cАлександър В. Запорожец; прев. от рус. Асен Македонов. |
| 250 | _a3. изд. | ||
| 257 | _aBGR | ||
| 260 |
_aСофия _bНар. просв. _c1958 _9216179 |
||
| 300 |
_a176 с. _bс ил., сн. _c23 см |
||
| 380 | _a1 | ||
| 500 | _a1. изд. 1954. - 1 000 тир. | ||
| 650 | 0 |
_aПсихология, педагогическа _9244349 |
|
| 653 | 7 |
_aпсихология _9194871 |
|
| 653 | 7 |
_aучебници за ВУЗ _9199104 |
|
| 700 |
_aМакедонов, Асен _eпрев. от рус. _9278434 |
||
| 852 |
_aЦб 9962 _bО |
||
| 942 |
_cKNG _n0 _s1 |
||
| 944 |
_aCR _c2021-10-27 _kСТ |
||